1001 1888 1162 1896 1318 1464 1486 1327 1355 1641 1172 1363 1715 1809 1164 1908 1510 1110 1630 1345 1084 1033 1444 1817 1157 1406 1090 1274 1269 1851 1501 1600 1554 1683 1716 1132 1836 1370 1527 1078 1644 1014 1253 1538 1371 1957 1147 1884 1266 1886 1593 1782 1183 1709 1337 1395 1272 1715 1698 1049 1642 1942 1563 1491 1390 1811 1394 1412 1744 1288 1909 1061 1093 1707 1029 1860 1762 1461 1625 1153 1328 1999 1556 1299 1533 1381 1271 1622 1219 1154 1084 1920 1815 1170 1332 1454 1287 1382 1865 BCNSPRNW ULIB Ver.6.0+V

เปลี่ยนเป็นภาษาไทย

Change to English
 แสดงรายละเอียดบรรณานุกรม
  กลับหน้าหลัก

Brief Record : Get Marc (ISO 2709) : E-mail record : QR code < ปิดหน้าต่าง
LEADER : 00000nam 2200000uu 4500
001    13399111706
003     ULIB
008    110628s2553||||th 000 0 tha d
020    9789742357771
050  4 BQ5805.T5^bค167ส 2553
100 0  ไวทย์ สันตยารมณ์
245 10 สัมมาวดี:ผู้มีธรรมเป็นที่พึ่ง/^cไวทย์ สันตยารมณ์
250    พิมพ์ครั้งที่ 1
260    สงขลา :^bบ้านครูไวทย์,^c 2553
300    233 หน้า
440  0 นิยายอิงธรรม
650  7 นิยายอิงธรรม
945    ^p150^l0^i026650
945    ^p150^l0^i026648
945    ^p150^l0^i026647
945    ^p150^l0^i026649
995    ทศพร
999 ^a ใช้งานได้ทุกระบบ
รายการนี้ยังไม่มีแท็ก
คุณยังไม่ได้ล็อกอิน คุณสามารถมีกิจกรรมร่วมกับเว็บไซต์ได้ แต่ต้องล็อกอินก่อน ::
  ล็อกอิน

รายการสื่อสารสนเทศ

ลำดับที่ ประเภท เลขเรียก/บาร์โค้ด สถานที่ สถานะ
- ไม่พบข้อมูล -

รายการใกล้เคียง
    ผู้แต่ง [ไวทย์ สันตยารมณ์]

    หัวเรื่อง [นิยายอิงธรรม]

BibComment


ยังไม่เคยถูกคอมเมนท์

คอมเมนท์ทรัพยากรรายการนี้
  คอมเมนท์: สัมมาวดีผู้มีธรรม..


 Copyright 2026. Bcnsprnw @Library